000 00778nam a2200265 a 4500
005 20140310183248.0
008 040921s19uu xx 00 eng d
020 _a0-7216-8453-x
050 _aRT 65
_b.K824 2003
100 _aKohlman-Carrieri, Virginia
245 _aPathophysiological phenomena in nursing:
_bhuman responses to illness.
250 _a3rd ed.
260 _aU.S.A :
_bSaunders,
_c2003.
300 _a459 p. :
_bill. ;
_c27 cm.
500 _aIncludes index.
650 _aNursing.
650 _aPhysiology, Pathological.
650 _aDisease
_xNurse's instruction.
650 _aNursing care.
650 _aStress
_xNurse's instruction.
700 _aLindsey, Ada M.
700 _aWest, Claudia M.
942 _cBK
_2lcc
_kFOR
999 _c20740
_d20740